| 000 | 01000nam a22002177a 4500 | ||
|---|---|---|---|
| 003 | OSt | ||
| 005 | 20230127095005.0 | ||
| 008 | 221006b |||||||| |||| 00| 0 eng d | ||
| 020 | _a1 879128 18 7 | ||
| 040 | _cBiblioteca Lado V | ||
| 082 |
_a708 _bW861l |
||
| 100 |
_9671 _aWolin, Joseph R. _eeditor |
||
| 245 |
_aLabyrinth of Memory/ _bGerardo Suter/ |
||
| 260 |
_bAmericas Society _c2001 _aCalifornia |
||
| 300 |
_a112p. _c25x25cm |
||
| 505 |
_tAcknowledgments _tRites of Memory: The Photographs and Video Installations of Gerardo Suter _tGerardo Suter: Primary Machines _tPlates _tVersion en Español Ritos de la memoria: Fotografías y video instalaciones de Gerardo Suter _tGerardo Suter: Las Maquinas primordiales _tExhibition Checklist _tBiography _tSelect Bibliography |
||
| 650 |
_2Tesauro de Arte & Arquitectura _aARTE |
||
| 650 |
_2Tesauro de Arte & Arquitectura _aCATALOGO |
||
| 651 |
_2Tesauro de Arte & Arquitectura _aGERARDO SUTER |
||
| 942 |
_2ddc _c1 _h708 _iW861l _n0 |
||
| 999 |
_c2953 _d2953 |
||